000 00707nam a2200229 a 4500
999 _c10651
_d10651
001 10651
003 BD-JhCC
005 20221102134021.0
008 180802s2017 bg |||| |||| 000 0 ben d
020 _a9789844066565
035 _a(BD-JhCC)10651
040 _aBD-JhCC
_dBD-JhCC
041 _aben
082 _a891.443
_bSOF 2017
100 _aছফা, আহমদ
245 _aসূর্য তুমি সাথী /
_cআহমদ ছফা,
260 _aঢাকা :
_bস্টুডেন্ট ওয়েজ,
_c২০১৭.
300 _a৯৯ পৃ. :
_c২১ সেমি.
650 _aবাংলা উপন্যাস
650 _aBengali Novel
942 _2ddc
_cBK
_01